Sports Quiz

Random Sports or Football Quiz

English Football League Directions Quiz Stats

 Plays Quiz not verified by Sporcle

Score 0/6 Timer 01:00
0 Plays Today
Team % Correct
West Ham United
93.3%
Southampton
87.3%
West Bromwich Albion
83.6%
Northampton Town
82.1%
Southend United
64.2%
Preston North End
60.4%

You're not logged in!

Compare scores with friends on all Sporcle quizzes.
OR
Log In

Show Comments

Extras

Top Quizzes Today


Score Distribution

Your Account Isn't Verified!

In order to create a playlist on Sporcle, you need to verify the email address you used during registration. Go to your Sporcle Settings to finish the process.

Report this User

Report this user for behavior that violates our Community Guidelines.

Details: